00269nam a2200109Ia 4500008004100000100002200041245001900063260000900082300003400091440002400125650001000149180117s9999 xx 000 0 und d aby Kriscell Labor aAklat ng Bayan c2017 a10-12 pages, 2017 November 12 aPhilippine Panorama aBAYAN